Love song : storia di un matrimonio /

Saved in:
Bibliografiske detaljer
Hovedforfatter: Novaro, Federico
Format: Bog
Sprog:italiensk
Udgivet: Milano : Isbn Edizioni, 2014
Tags: Tilføj Tag
Ingen Tags, Vær først til at tagge denne postø!

MARC

LEADER 00000nam a22000007i 4500
001 IT\ICCU\UBO\4114189
003 ItRI
005 20260115232144.0
008 141206s2014 it |||||| ||||| |||||c
020 |a 9788876385247 
040 |b ita  |c importazione bologna sebina 
041 7 |a ita  |2 ISO-639-2 
100 1 |a Novaro, Federico  |0 IT\ICCU\UBOV\413196 
245 1 0 |a Love song :  |b storia di un matrimonio /  |c Federico Novaro. 
260 |a Milano :  |b Isbn Edizioni,  |c 2014 
300 |a 135 p. ;  |c 19 cm. 
942 |2 ddc  |c BK  |n 0 
952 |0 0  |1 0  |4 0  |6 DOC_306_735000000000000_NOV  |7 0  |9 21012  |a BO  |b BO  |d 2026-01-15  |i 17905  |l 0  |o DOC 306.735 NOV  |p BO17905  |r 2026-01-15 23:21:44  |w 2026-01-15  |x [Sebina 5] [1 v.]  |y BK  |z 1 v. (con firma dell'autore) 
999 |c 17951  |d 17951